Little Monkey / (Record no. 48562)
| 000 -LEADER | |
|---|---|
| fixed length control field | 00339nam a2200121 4500 |
| 020 ## - INTERNATIONAL STANDARD BOOK NUMBER | |
| International Standard Book Number | 9781789058680 |
| 100 ## - MAIN ENTRY--PERSONAL NAME | |
| Personal name | Mantle, Ben, |
| Relator term | author. |
| 9 (RLIN) | 80576 |
| 245 ## - TITLE STATEMENT | |
| Title | Little Monkey / |
| Remainder of title | Explore the noisy jungle with little monkey. |
| 260 ## - PUBLICATION, DISTRIBUTION, ETC. (IMPRINT) | |
| Place of publication, distribution, etc | UK. |
| Name of publisher, distributor, etc | Stock and Rocket, |
| Date of publication, distribution, etc | 2020. |
| 300 ## - PHYSICAL DESCRIPTION | |
| Extent | unpaged. |
| 650 ## - SUBJECT ADDED ENTRY--TOPICAL TERM | |
| 9 (RLIN) | 77017 |
| Topical term or geographic name as entry element | Wild Animals |
| 942 ## - ADDED ENTRY ELEMENTS (KOHA) | |
| Source of classification or shelving scheme | |
| Koha item type | Board Book |
| Withdrawn status | Lost status | Source of classification or shelving scheme | Damaged status | Not for loan | Home library | Current library | Date acquired | Total Checkouts | Full call number | Barcode | Checked out | Date last seen | Date checked out | Price effective from | Koha item type |
|---|---|---|---|---|---|---|---|---|---|---|---|---|---|---|---|
| Logos International School | Logos International School | 03/11/2025 | 4 | BB MAN | 040491 | 02/13/2026 | 09/29/2025 | 09/29/2025 | 03/11/2025 | Board Book |